|
|
|
|
| LEADER |
00000cam a2200000 a 4500 |
| 001 |
vtls001430847 |
| 003 |
SK-MaSNL |
| 005 |
20260302001857.0 |
| 008 |
240226s2001 xo ap g 0|1 0 slo |
| 015 |
|
|
|a SNBA2002/07-02330
|
| 020 |
|
|
|a 8071653136
|
| 020 |
|
|
|a 8071653128
|
| 035 |
|
|
|a SNK000385879
|
| 035 |
|
|
|a urn:nbn:sk:snk-amlrpx
|
| 035 |
|
|
|a urn:nbn:sk:snk-am00c43q
|
| 035 |
|
|
|a FAE51B80-C060-4FB9-8458-E8DE8C4A0CF9
|
| 040 |
|
|
|a SNK
|b slo
|c SNK
|e AACR2
|
| 041 |
0 |
|
|a slo
|b eng
|
| 044 |
|
|
|a xo
|c SK
|
| 080 |
|
|
|a 141.827(437.6)"1948/1989"
|2 2011
|
| 080 |
|
|
|a 94(437.6)"1948/1989"
|2 2011
|
| 245 |
1 |
0 |
|a Zločiny komunizmu na Slovensku 1948:1989
|n (1)
|c zodp. red. Gabriela Smolíková ; [autori príspevkov: Ľubomír Báťa ... [et al.]]
|
| 250 |
|
|
|a 1.vyd.
|
| 260 |
|
|
|a Prešov
|b Vydavateľstvo Michala Vaška
|c 2001
|
| 300 |
|
|
|a 743 s.
|b fotogr., tab.
|c 24x16 cm
|
| 500 |
|
|
|a Údaj o aut. prevzatý z tir.
|
| 504 |
|
|
|a Bibliogr. odkazy; skratky; register
|
| 546 |
|
|
|a Resumé v angličtine
|
| 648 |
|
7 |
|a 1948-1989
|2 SNKPH
|9 302537
|
| 650 |
0 |
7 |
|a komunizmus
|z Československo
|2 SNKPH
|9 317231
|
| 650 |
0 |
7 |
|a totalitarizmus
|2 SNKPH
|9 3784
|
| 650 |
0 |
7 |
|a ľudské práva
|2 SNKPH
|9 798
|
| 650 |
0 |
7 |
|a politická perzekúcia
|2 SNKPH
|9 75134
|
| 650 |
0 |
7 |
|a porušovanie ľudských práv
|2 SNKPH
|9 13668
|
| 650 |
0 |
7 |
|a komunizmus
|2 SNKPH
|9 2152
|
| 650 |
0 |
7 |
|a politické súdne procesy
|2 SNKPH
|9 4521
|
| 650 |
0 |
7 |
|a pracovné tábory
|2 SNKPH
|9 2655
|
| 650 |
0 |
7 |
|a ochrana štátnych hraníc
|2 SNKBUCL
|9 59216
|
| 655 |
|
7 |
|a monografie
|2 SNKPH
|9 70139
|
| 700 |
1 |
|
|a Báťa, Ľubomír
|d 1977-
|4 aut
|9 638468
|
| 700 |
1 |
|
|a Boroň, Ladislav
|4 aut
|9 638469
|
| 700 |
1 |
|
|a Hlavová, Viera
|4 aut
|9 5019
|
| 700 |
1 |
|
|a Hrabovec, Emilia,
|d 1964-
|4 aut
|9 48293
|
| 700 |
1 |
|
|a Letz, Róbert,
|d 1967-
|4 aut
|9 102956
|
| 700 |
1 |
|
|a Morbacher, Ľubomír
|4 aut
|9 638470
|
| 700 |
1 |
|
|a Pekarovič, Teodor
|4 aut
|9 638471
|
| 700 |
1 |
|
|a Pešek, Jan,
|d 1949-
|4 aut
|9 85425
|
| 700 |
1 |
|
|a Štaigl, Jan
|4 aut
|9 416920
|
| 700 |
1 |
|
|a Vrabcová, Eva
|4 aut
|9 10135
|
| 700 |
1 |
|
|a Zelenák, Peter,
|d 1953-2025
|4 aut
|9 256616
|
| 700 |
1 |
|
|a Žatkuliak, Jozef,
|d 1954-2017
|4 aut
|9 178283
|
| 852 |
|
|
|a Štátna vedecká knižnica v Banskej Bystrici
|
| 919 |
|
|
|a 80-7165-313-6 (1.zv.)
|
| 919 |
|
|
|a 80-7165-312-8 (súbor)
|
| 958 |
|
|
|a TL
|
| 958 |
|
|
|a NB
|
| 958 |
|
|
|a SF
|
| 999 |
|
|
|c 985727
|d 987657
|
| 952 |
|
|
|t P60, <03>, [BOOK], {603}
|a SNK
|b SNK
|y PREZ
|7 0
|p 17A0336655
|o snkSC 107463/1
|i snkKSP 2967/2002
|0 0
|1 0
|4 0
|d 2002-03-18
|f 1
|l 0
|r 2025-09-29 00:00:00
|w 2026-02-24
|
| 952 |
|
|
|t P60, <04>, [BOOK], {604}
|a SNK
|b SNKPULT
|y VYP
|7 0
|p 17A0336656
|o snkSC 107463/1 D1
|i snkKSP 2968/2002
|0 0
|1 0
|4 0
|d 2002-03-18
|l 1
|m 3
|q 2026-06-10
|r 2026-02-28 18:38:00
|s 2026-02-28
|w 2026-02-24
|
| 952 |
|
|
|t snkZLO/1 94(437.6)
|a SNKUST
|b SNKUST
|y PREZ
|7 0
|p 17A0338990
|o snkSC 107463/1 D2
|i snkK 266/2002
|0 0
|1 0
|4 0
|d 2002-04-25
|l 0
|r 2025-04-28 00:00:00
|w 2026-02-24
|